[Event "Tata Steel-A 78th"]
[Site "Wijk aan Zee"]
[Date "2016.01.31"]
[Round "13"]
[White "Adams, Michael"]
[Black "So, Wesley"]
[Result "1/2-1/2"]
[WhiteElo "2744"]
[BlackElo "2773"]
[Annotator "Marin,M"]
[PlyCount "65"]
[EventDate "2016.01.16"]
[EventType "tourn"]
[EventRounds "13"]
[EventCountry "NED"]
[EventCategory "20"]
[SourceTitle "CBM 171"]
[Source "ChessBase"]
[SourceDate "2016.03.14"]
[SourceVersion "2"]
[SourceVersionDate "2016.03.14"]
[SourceQuality "1"]

1. e4 e5 2. Nf3 Nc6 3. Bb5 a6 4. Ba4 Nf6 5. O-O Nxe4 6. d4 b5 7. Bb3 d5 8. dxe5
Be6 9. Nbd2 Nc5 10. c3 Be7 11. Bc2 d4 {This early opening of the centre has
become a reliable weapon lately. Black needs to struggle a bit in certain
lines, but nothing really unbearable.} 12. Nb3 (12. Ne4 d3 13. Nxc5 {transposes
}) 12... d3 13. Nxc5 ({Earlier in the tournament So had faced White's
alternative} 13. Bb1 Nxb3 14. axb3 Bf5 15. Re1 O-O 16. Be3 Qd5 17. Bd4 {
Practice has proved that the d3-pawn is not easy to "digest". In the game So
even obtained a slightly more pleasant ending.} Rfd8 18. Re3 (18. Bxd3 Bxd3 19.
Qxd3 Qxb3 20. e6 fxe6 21. Qe4 Qc4 22. Qxe6+ Qxe6 23. Rxe6 Bd6 $11 {Abdumalik,Z
(2379)-Koneru,H (2581) Chengdu 2015 (1/2-1/2, 33)}) 18... Nxd4 19. cxd4 c5 20.
Bxd3 cxd4 $1 {An important intermediate move.} 21. Re2 (21. Bxf5 $2 dxe3 22.
Qxd5 Rxd5 23. Be4 Rdd8 24. Bxa8 $2 e2 $1 25. Nd4 $8 Rxd4 26. Bf3 Rd2 27. Re1
Rxb2 28. g3 Rxb3) 21... Qe6 22. Rd2 Bxd3 23. Rxd3 Bc5 24. Qd2 Rd5 25. h3 h6 26.
Qf4 Re8 {Black has regrouped perfectly and even if his position is slightly
marred by the fact that the b-pawn would stand better on b7, he is not at all
worse.} 27. Qd2 Ba7 28. Rd1 Bb8 29. Re1 Bxe5 30. Nxe5 Rxe5 31. Rxe5 Qxe5 32.
Rxd4 Qe1+ 33. Kh2 Qxd2 34. Rxd2 Kf8 $15 {Wei,Y (2706)-So,W (2773) Wijk aan Zee
2016 (1/2-1/2, 70), with some symbolic advantage for Black due to the relative
weakness of the doubled pawns.}) 13... dxc2 14. Qxd8+ Rxd8 15. Nxe6 fxe6 16.
Be3 Rd5 17. Rfc1 {In principle this is the most logical way of eliminating the
c2-pawn, as the other rook may be needed on the a-file for breaking with a2-a4.
} ({Some players think it is better to keep f2 well defended, though, so} 17.
Rac1 {is not pointless, either. In principle there should be no big difference
between these two moves. Here is just an example where White failed to obtain
anything concrete:} Nxe5 18. Nxe5 Rxe5 19. c4 Bc5 20. Bxc5 Rxc5 21. Rxc2 Ke7
22. Rfc1 Rd8 23. Kf1 bxc4 24. Rxc4 Rd1+ 25. Rxd1 Rxc4 26. Rd2 e5 27. Ke2 Ke6
28. Ke3 a5 29. b3 {Anand,V (2803)-Mamedyarov,S (2736) Berlin 2015 (1/2-1/2, 29)
}) 17... Nxe5 18. Nxe5 Rxe5 19. Bd4 {Played at a moment when g7 is not
defended, this is aimed at misplacing the central rook slightly.} (19. Rxc2 O-O
{The e6-pawn does not require the same attention as in the main line. besides,
the pressure against f2 could be important since Black mainly plans ...Bc5.}
20. g3 (20. a4 bxa4 21. Rxa4 Bc5 22. Re2 Rd8 23. Kf1 Rd1+ 24. Re1 Rxe1+ 25.
Kxe1 Bxe3 26. fxe3 a5 $11 {Bologan,V (2695)-Giri,A (2730) Germany 2013 (1/2-1/
2, 33)}) (20. c4 Bc5 $1 {The typical reaction.} 21. cxb5 Bxe3 22. fxe3 axb5 23.
Rxc7 Rxe3 24. Rd1 h6 25. h3 Rf5 26. Rd2 Kh7 {1/2-1/2 Luther,T (2385)
-Beckemeier,W (2345) Germany 1990}) (20. Bd4 {fails to transpose below because
the g7-pawn is defended, allowing the active} Rd5 {for instance} 21. Re1 Kf7
22. Rce2 c5 $11 23. Rxe6 $2 Bd6 24. Rxd6 Rxd6 25. Bxc5 Re8 $1 26. Be3 $8 $15)
20... Bc5 21. Bxc5 (21. Bf4 Ref5 22. Re1 g5 {Sutovsky,E (2587)-Krasenkow,M 
(2647) Shenyang 1999 CBM 073 [Mikhalevski,V] (1/2-1/2, 69)}) 21... Rxc5 22. Rd2
Rd5 $6 {This unexpectedly causes Black some problems despite repairing his
structure.} (22... Rff5 23. a4 a5 24. axb5 Rxb5 25. Ra2 Rfd5) 23. Rxd5 exd5 24.
a4 Rd8 25. axb5 axb5 26. Kf1 $14 {[%cal Gf1d3,Gd3d4,Ga1a7]} d4 $6 27. Rd1 d3
28. b4 $16 {Grigoryan,A (2580)-Petrosian,T (2604) Yerevan 2011 (1/2-1/2, 42)})
19... Rg5 ({8 years ago I suggested} 19... Re2 {to Jan Willem de Jong, with
the idea of provoking the exchange of one rook, after which Black's weaknesses
are much easier to defend. Shortly after he played it in the Dutch KO
championship, reaching a draw and qualifying for the next round.} 20. Kf1 ({
The point is that} 20. Bxg7 $2 {runs into troubles:} Rg8 21. Kf1 Rd2 22. Bd4
Bg5 $1 23. h4 Bh6 $17 {with a very passive position for White. One of Black's
main plans is transferring the g8-rook to the g-file and driving the enemy
bishop away with the help of either the e- or the c-pawn.}) 20... Rd2 21. Be3
Rd1+ 22. Rxd1 cxd1=Q+ 23. Rxd1 Rf8 24. Ke2 Rf5 25. Rd4 h5 26. h3 Bf6 27. Re4
Kd7 28. f4 Rd5 $11 {Pruijssers,R (2408)-De Jong,J (2445) Hilversum 2008 (½-½,
82)}) 20. Rxc2 Kf7 ({With the rook on g5,} 20... O-O $6 {does not work
properly:} 21. Re2 Kf7 22. Rae1 c5 23. Rxe6 $1 $16 {and Black misses the
bishop's support for ...Bd6.}) 21. Be3 Rh5 $146 {A somewhat mysterious novelty.
For the previously played moves, see the comments to Carlsen,M (2844)-Ding
Liren (2766) Wijk aan Zee NED 2016 [Marin] (1/2-1/2, 99)} 22. a4 $6 {White's
desire to develop his a1-rook is understandable, but the last move helps Black
getting rid of the potentially weak a6-pazn.} (22. c4 {looks harder to meet.}
Bd6 {I imagine that this was the idea behind the novelty: Black gains a tempo
by attacking h2. But this does not seem to be enough to level the chances
completely.} ({The method used in the aforementioned Carlsen-Ding game} 22...
b4 {does not work out so well here:} 23. Rd1 Rd8 24. Rxd8 Bxd8 25. Rd2 {
The main problem is that after} Bg5 {Black does not have enough pressure on e3
(as happened there with the rook on e5) thus losing a pawn after} 26. Rd7+ $16)
23. h3 (23. g3 $5 {prevents ...Rh4 but in the long run White may wish to avoid
having his pawns on dark squares.}) 23... Rh4 (23... Rb8 24. b3 $14) 24. Rac1
Rxc4 25. Rxc4 bxc4 26. Rxc4 Rb8 27. b3 Rb5 28. Kf1 Ra5 29. Rc2 $14 {Black does
not seem to be in big danger yet, but with so many pawn islands he will most
likely suffer for a long time.}) 22... Rd8 23. axb5 axb5 24. g3 Bc5 $11 {
Black has solved all his problems. His only weakness (e6) is easy to defend.}
25. Bxc5 Rxc5 26. Re2 Ke7 27. Kg2 Rcd5 28. Ra7 R8d7 29. h4 h6 30. Kf3 Rf5+ 31.
Kg2 Rfd5 32. Kf3 Rf5+ 33. Kg2 1/2-1/2

[Event "Chess Supersite Launch"]
[Site "Chess Supersite INT"]
[Date "2016.03.26"]
[Round "1.1"]
[White "So, Wesley"]
[Black "Bareev, Evgeny"]
[Result "1-0"]
[WhiteElo "2773"]
[BlackElo "2675"]
[PlyCount "73"]
[EventDate "2016.03.26"]
[EventType "k.o. (rapid)"]
[EventRounds "2"]
[EventCountry "USA"]
[SourceTitle "CBM 171 Extra"]
[Source "ChessBase"]
[SourceDate "2016.04.26"]
[SourceVersion "1"]
[SourceVersionDate "2016.04.26"]
[SourceQuality "1"]

1. e4 e6 2. d4 d5 3. Nc3 dxe4 4. Nxe4 Nd7 5. Nf3 Ngf6 6. Bd3 Nxe4 7. Bxe4 Nf6
8. Bg5 Be7 9. Bxf6 Bxf6 10. Qd3 Qd6 11. O-O-O h6 12. Qe3 Qb6 13. Rhe1 c5 14.
Qa3 cxd4 15. Nxd4 Bxd4 16. Qa4+ Bd7 17. Qxd4 Qxd4 18. Rxd4 O-O-O 19. Rb4 b6 20.
a4 Kc7 21. Re3 Rc8 22. a5 b5 23. Rd4 Rhd8 24. Rc3+ Kb8 25. Rcd3 Kc7 26. Rc3+
Kb8 27. Rcd3 Kc7 28. Kd2 Be8 29. Rxd8 Rxd8 30. Rxd8 Kxd8 31. Kc3 Kc7 32. Kb4
Bc6 33. Bd3 a6 34. c4 bxc4 35. Bxc4 Bxg2 36. Bxa6 Kd6 37. Kb5 1-0

[Event "Chess Supersite Launch"]
[Site "Chess Supersite INT"]
[Date "2016.03.26"]
[Round "1.2"]
[White "Bareev, Evgeny"]
[Black "So, Wesley"]
[Result "0-1"]
[WhiteElo "2675"]
[BlackElo "2773"]
[PlyCount "36"]
[EventDate "2016.03.26"]
[EventType "k.o. (rapid)"]
[EventRounds "2"]
[EventCountry "USA"]
[SourceTitle "CBM 171 Extra"]
[Source "ChessBase"]
[SourceDate "2016.04.26"]
[SourceVersion "1"]
[SourceVersionDate "2016.04.26"]
[SourceQuality "1"]

1. Nf3 c5 2. g3 g6 3. Bg2 Bg7 4. O-O Nc6 5. Nc3 d6 6. d3 Bd7 7. Bd2 Qc8 8. a3
Bh3 9. Bxh3 Qxh3 10. b4 Nf6 11. bxc5 Ng4 12. Ne4 h6 13. Be1 Nce5 14. Ned2 h5
15. d4 Nxf3+ 16. Nxf3 h4 17. Qd3 hxg3 18. fxg3 Nxh2 0-1

[Event "USA-ch"]
[Site "Saint Louis"]
[Date "2016.04.15"]
[Round "2"]
[White "Chandra, Akshat"]
[Black "So, Wesley"]
[Result "0-1"]
[WhiteElo "2477"]
[BlackElo "2773"]
[Annotator "Besenthal,K"]
[PlyCount "80"]
[EventDate "2016.04.14"]
[EventType "tourn"]
[EventRounds "11"]
[EventCountry "USA"]
[EventCategory "17"]
[SourceTitle "CBM 172"]
[Source "ChessBase"]
[SourceDate "2016.05.12"]
[SourceVersion "1"]
[SourceVersionDate "2016.05.12"]
[SourceQuality "1"]

1. e4 c6 2. d4 d5 3. e5 Bf5 4. h4 h5 5. c4 e6 6. Nc3 Ne7 7. Nge2 Nd7 8. Ng3 Bg6
9. cxd5 Nxd5 10. Be2 Qa5 11. Bd2 Nb4 (11... O-O-O 12. O-O Be7 13. Nce4 Qc7 14.
Ng5 Bxg5 15. Bxg5 f6 16. exf6 gxf6 17. Bd2 Nf4 18. Re1 Nb6 19. Qb3 e5 20. Bxf4
exf4 21. Ne4 Rxd4 22. Bf3 Bxe4 23. Bxe4 Kb8 24. Bf3 Nc4 25. Qc3 Rhd8 26. Rad1
Rxd1 27. Rxd1 Ne5 28. Rxd8+ Qxd8 29. Bxh5 Qh8 30. Qd2 Kc8 31. Bd1 Qxh4 32. Qd6
Qg5 33. Qe6+ Kc7 34. Qe7+ Nd7 35. Qh7 Kd6 36. b4 Qe5 37. Qd3+ Qd5 38. Qe2 Ne5
39. a4 a6 40. Qe1 Qd3 41. Be2 Qc2 42. Bf1 f3 43. Qa1 Qd2 44. b5 c5 45. Qa3 fxg2
46. Bxg2 Nd3 47. Bxb7 Qxf2+ 48. Kh1 Qg3 {0-1 (48) Vachier Lagrave,M (2722)
-Vitiugov,N (2712) Paris/St Petersburg 2013}) 12. O-O Qb6 13. Bg5 Nc2 14. Rc1
Nxd4 {Diagramm [#]} 15. Bxh5 $6 (15. Bc4 Nf5 16. Nxf5 Bxf5 17. Re1 Qxb2 18. Ne4
Bxe4 19. Rxe4 {ist die Empfehlung des Computers. Weiß hat genügend
Kompensation für die beiden Bauern und dürfte in einer praktischen Partie
unter Großmeistern sogar das deutlich einfachere Spiel haben.}) 15... Bxh5 16.
Nxh5 Nxe5 17. Re1 Nef3+ 18. gxf3 Rxh5 {Diagramm [#] Jetzt hat Schwarz einen
Bauern mehr und die gesündere Struktur, muss aber seine Königsstellung noch
konsolidieren.} 19. f4 g6 20. Na4 Qb4 21. Re4 Bg7 22. Nc5 $6 (22. Rc3 $1) 22...
Qxb2 23. Rc4 {Diagramm [#]} Rxg5+ $1 {Nach diesem Qualitätsopfer kommt
Schwarz zur Rochade, was mit einem Schlag alle Probleme löst, die der
Nachziehende noch gehabt haben mag.} 24. fxg5 O-O-O 25. Nb3 Nxb3 26. Qxb3 Qa1+
27. Kg2 Rd1 28. Qc2 Kd8 $2 (28... Be5 {hätte den Verbleib des schwarzen
Königs am Damenflügel sichergestellt.}) 29. Kf3 Ke8 30. Rb4 Rc1 31. Qe2 b5 {
Diagramm [#] Schwarz hat jetzt keinerlei Vorteil mehr.} 32. Rb3 Rh1 $4 {
Diagramm [#]} 33. Kg4 $4 (33. Rxe6+ $1 fxe6 34. Qxe6+ Kf8 35. Rd3 Bd4 36. Qd6+
$18) 33... Kf8 {Beseitigt die Gefahr. Schwarz steht auf Gewinn.} 34. Rg3 Kg8
35. Ree3 Qd4+ 36. Re4 f5+ 37. gxf6 Qxf6 38. f4 Qxh4+ 39. Kf3 Rh2 40. Qd3 Qh5+
0-1

[Event "USA-ch"]
[Site "Saint Louis"]
[Date "2016.04.20"]
[Round "6"]
[White "So, Wesley"]
[Black "Nakamura, Hikaru"]
[Result "1/2-1/2"]
[WhiteElo "2773"]
[BlackElo "2787"]
[Annotator "Schulz,Andre"]
[PlyCount "71"]
[EventDate "2016.04.14"]
[EventType "tourn"]
[EventRounds "11"]
[EventCountry "USA"]
[EventCategory "17"]
[SourceTitle "CBM 172"]
[Source "ChessBase"]
[SourceDate "2016.05.12"]
[SourceVersion "1"]
[SourceVersionDate "2016.05.12"]
[SourceQuality "1"]

1. e4 e6 2. d4 d5 3. Nc3 Nf6 4. e5 Nfd7 5. f4 c5 6. Nf3 Nc6 7. Be3 Be7 8. Qd2
O-O (8... b6 $5) 9. dxc5 (9. O-O-O $2 c4 {with an attack.}) (9. Be2 a6 {e.g.}
10. O-O b5 11. Kh1 Qc7 12. a3 Bb7 13. Rad1 Rac8 14. Qe1 cxd4 15. Nxd4 Nxd4 16.
Bxd4 Bc5 17. Qh4 Bxd4 18. Rxd4 f6 19. Bd3 h6 20. exf6 Rxf6 21. f5 Rcf8 22. Rg1
Nc5 23. fxe6 Nxe6 24. Rg4 Nf4 25. Qg3 Qe7 26. Rxf4 Rxf4 27. Ne2 Rf1 28. Nd4
Rxg1+ 29. Kxg1 Re8 30. h4 Qe1+ 31. Kh2 Qxg3+ 32. Kxg3 Kf7 33. Kf2 Kf6 34. g3
Bc8 35. c3 Bg4 36. Bc2 g5 37. hxg5+ hxg5 38. Bb3 Ke5 39. Bc2 Rf8+ 40. Kg2 Bd7
41. Nf3+ Kf6 42. Bb3 g4 43. Nd4 Ke5 44. Bc2 a5 45. Bd1 Ke4 {0-1 (45) Karjakin,
S (2720) -Carlsen,M (2810) Wijk aan Zee 2010}) 9... Nxc5 10. O-O-O a6 11. Qf2
b6 {The young German GM Matthias Blübaum played this line a couple of times.}
(11... Qa5) 12. Nd4 (12. f5 Ra7 13. Qg3 Kh8 14. Be2 Rd7 15. fxe6 Nxe6 16. Nd4
Ncxd4 17. Bxd4 Bc5 18. Bg1 Bb7 19. Bf3 d4 20. Ne4 Be7 21. h4 b5 22. Ng5 Bxf3
23. Nxf3 d3 24. cxd3 Rxd3 25. Bh2 Qd5 26. Qe1 Rxd1+ 27. Qxd1 Qxa2 {0-1 (27)
Jarmula,L (2395)-Bluebaum,M (2589) Karpacz 2015}) 12... Qc7 13. Kb1 Bb7 14.
Nxc6 Bxc6 15. Bd4 Bb7 16. Bd3 b5 17. Ne2 b4 (17... Rac8 18. Bxc5 Qxc5 $11 ({
After} 18... Bxc5 $6 19. Qh4 g6 (19... h6 20. g4 $40) 20. Qg3 Rfe8 21. h4 {
White's prospects on the kingside seem to be promising:} h5 22. Qh3 Kg7 23. g4
Rh8 24. gxh5 Rxh5 25. Ng3 Rh6 26. Qg4 $16)) 18. Ng3 (18. Bxc5 Qxc5 $11) 18...
Rac8 19. f5 {[#]} f6 $5 {Defuses White's slight initiative.} ({Perhaps} 19...
Nxd3 20. Rxd3 f6 {was more precise.}) 20. exf6 Bxf6 21. Bxc5 $6 ({After} 21.
fxe6 $5 a5 ({after} 21... Nxe6 $2 22. Qf5 Ng5 23. Bxf6 gxf6 24. Qg4 Kh8 25.
Qxb4 $18 {White wins a pawn and has a good position.}) 22. Rhe1 {White is
slightly better.}) 21... Qxc5 22. Qxc5 Rxc5 23. fxe6 Re8 24. Rde1 g6 25. Rhf1
Kg7 26. Rf4 a5 27. Rg4 Kh8 28. Bxg6 $5 {So is trying.} hxg6 29. Rxg6 Be7 30.
Nf5 d4 31. g4 a4 32. b3 a3 33. Rh6+ Kg8 34. Rg6+ Kh8 35. Rh6+ Kg8 36. Rg6+
1/2-1/2

[Event "USA-ch"]
[Site "Saint Louis"]
[Date "2016.04.23"]
[Round "9"]
[White "Xiong, Jeffery"]
[Black "So, Wesley"]
[Result "1/2-1/2"]
[WhiteElo "2618"]
[BlackElo "2773"]
[Annotator "Besenthal,K"]
[PlyCount "82"]
[EventDate "2016.04.14"]
[EventType "tourn"]
[EventRounds "11"]
[EventCountry "USA"]
[EventCategory "17"]
[SourceTitle "CBM 172"]
[Source "ChessBase"]
[SourceDate "2016.05.12"]
[SourceVersion "1"]
[SourceVersionDate "2016.05.12"]
[SourceQuality "1"]

1. e4 e5 2. Nf3 Nc6 3. Bb5 a6 4. Ba4 Nf6 5. O-O Nxe4 6. d4 b5 7. Bb3 d5 8. dxe5
Be6 9. Nbd2 Nc5 10. c3 Be7 11. Bc2 d4 12. Nb3 d3 13. Nxc5 dxc2 14. Qxd8+ Rxd8
15. Nxe6 fxe6 16. Be3 Rd5 17. Rfc1 Nxe5 18. Nxe5 Rxe5 19. Bd4 Rg5 20. Rxc2 {
Diagramm [#] In dieser Stellung bedürfte es schon eines schweren Fehlers
eines der Spieler, um das Remis zu vermeiden.} Kf7 21. Be3 Re5 ({Oder} 21...
Rh5 22. a4 Rd8 23. axb5 axb5 24. g3 Bc5 25. Bxc5 Rxc5 26. Re2 Ke7 27. Kg2 Rcd5
28. Ra7 R8d7 29. h4 h6 30. Kf3 Rf5+ 31. Kg2 Rfd5 32. Kf3 Rf5+ 33. Kg2 {1/2-1/2
(33) Adams,M (2744)-So,W (2773) Wijk aan Zee 2016}) 22. c4 b4 23. Rd1 Rd8 24.
Rxd8 Bxd8 25. Rd2 ({So kann es laufen, wenn einer es bis zum Letzten versucht:
} 25. Kf1 Bg5 26. Bd4 Ra5 27. b3 Bf6 28. Be3 Bg5 29. f4 Be7 30. g4 h5 31. h3 g6
32. Ke2 hxg4 33. hxg4 e5 34. Kf3 exf4 35. Bxf4 Bd6 36. c5 Bxc5 37. Bxc7 Rb5 38.
Ke4 Ke6 39. Bf4 Ra5 40. Bd2 Be7 41. Rc6+ Kd7 42. Rxg6 Rxa2 43. Bf4 Ra3 44. g5
Rxb3 45. Rb6 Bxg5 46. Bxg5 a5 47. Ra6 a4 48. Rxa4 Kc6 49. Ra5 Ra3 50. Rf5 b3
51. Bf6 Ra2 52. Bd4 b2 53. Rc5+ Kb6 54. Rc3+ Kb5 55. Rb3+ Kc4 56. Rb8 b1=Q+ 57.
Rxb1 Re2+ 58. Be3 Rc2 59. Rb8 Kc3 60. Rc8+ Kb3 61. Bc5 Kc4 62. Rc7 Kc3 63. Kd5
Kd3 64. Rh7 Re2 65. Rh3+ Kc2 66. Kc4 Re4+ 67. Bd4 Kd2 68. Rh2+ Re2 69. Rh4 Rg2
70. Re4 Re2 71. Bc3+ Kd1 72. Rf4 Kc2 73. Rd4 Rf2 74. Rd3 Re2 75. Bd4 Re4 76.
Ra3 Re2 77. Be3 Kd1 78. Rd3+ Ke1 79. Rc3 Kf1 80. Kd3 Ra2 81. Rc1+ Kg2 82. Ke4
Kg3 83. Rc8 Rg2 84. Rf8 Kg4 85. Bf2 Kh3 86. Kf3 Rg3+ 87. Kf4 Rg4+ 88. Kf5 Rg7
89. Bd4 Rg3 90. Be5 Rf3+ 91. Bf4 Kg2 92. Kg4 Rf2 93. Rh8 Re2 94. Rh3 Kf2 95.
Rf3+ Kg2 96. Be3 Rc2 97. Rg3+ Kf1 98. Kf3 Rf2+ 99. Bxf2 {1/2-1/2 (99) Carlsen,
M (2844)-Ding,L (2766) Wijk aan Zee 2016}) 25... Ke8 26. g3 Bg5 27. Bxg5 Rxg5
28. Kf1 Ra5 29. b3 Ra3 30. Ke2 c5 31. Kd1 a5 32. Kc1 a4 33. Kb2 axb3 34. axb3
Ke7 35. Re2 Ra7 36. f4 g6 37. Re5 Kd6 38. Kb1 Rf7 39. Kc2 Rf5 40. Rxf5 exf5 41.
h4 h5 1/2-1/2

[Event "Saint Louis Ultimate Blitz Challenge"]
[Site "Saint Louis"]
[Date "2016.04.29"]
[Round "10"]
[White "So, Wesley"]
[Black "Kasparov, Garry"]
[Result "1-0"]
[WhiteElo "2773"]
[BlackElo "2812"]
[PlyCount "49"]
[EventDate "2016.04.28"]
[EventType "tourn (blitz)"]
[EventRounds "18"]
[EventCountry "USA"]
[EventCategory "22"]
[SourceTitle "CBM 172 Extra"]
[Source "ChessBase"]
[SourceDate "2016.06.21"]
[SourceVersion "1"]
[SourceVersionDate "2016.06.21"]
[SourceQuality "1"]

1. Nf3 g6 2. e4 Bg7 3. d4 d6 4. c4 Bg4 5. Be2 Nc6 6. Nbd2 e5 7. d5 Nce7 8. h3
Bd7 9. c5 dxc5 10. Nc4 f6 11. d6 Nc8 12. Be3 b6 13. O-O Bc6 14. dxc7 Qxc7 15.
b4 cxb4 16. Rc1 Nge7 17. Qb3 h6 18. Rfd1 b5 19. Ncxe5 fxe5 20. Bxb5 Rb8 21. Ba4
Qb7 22. Rxc6 Nxc6 23. Qe6+ N8e7 24. Bc5 Rc8 25. Bxe7 1-0

[Event "Saint Louis Ultimate Blitz Challenge"]
[Site "Saint Louis"]
[Date "2016.04.29"]
[Round "13"]
[White "Kasparov, Garry"]
[Black "So, Wesley"]
[Result "1/2-1/2"]
[WhiteElo "2812"]
[BlackElo "2773"]
[Annotator "CB"]
[PlyCount "74"]
[EventDate "2016.04.28"]
[EventType "tourn (blitz)"]
[EventRounds "18"]
[EventCountry "USA"]
[EventCategory "22"]
[SourceTitle "CBM 172 Extra"]
[Source "ChessBase"]
[SourceDate "2016.06.21"]
[SourceVersion "1"]
[SourceVersionDate "2016.06.21"]
[SourceQuality "1"]

1. Nf3 d5 2. c4 e6 3. b3 Nf6 4. g3 d4 5. Bg2 Nc6 6. O-O e5 7. d3 Bc5 8. b4 Nxb4
9. Nxe5 O-O 10. a3 Na6 11. Nd2 Re8 12. Nef3 Bd6 13. Nb3 c5 14. e3 dxe3 15. Bxe3
Qc7 16. Bg5 Nd7 17. d4 Nb6 18. dxc5 Nxc5 19. Nxc5 Bxc5 20. Bf4 Qd8 21. Qc2 h6
22. Rad1 Qf6 {Diagramm [#] An dieser Stelle beginnt eine exzellente Zugfolge.}
23. Be5 Rxe5 (23... Qe7 {war auch möglich.}) 24. Nxe5 Qxe5 25. Rfe1 (25. Rd8+
Bf8 $19) 25... Bf5 $1 {Der einzige Zug. Anderenfalls hätte Te8 und Td8 die
Partie beendet.} 26. Rxe5 Bxc2 27. Rd2 Nxc4 $1 {Akkurat verteidigt - in einer
Blitzpartie!} 28. Rxc5 Nxd2 29. Rxc2 Rd8 30. Bxb7 {Jetzt ist die Stellung
remis. Wesley So hat sich stark verteidigt.} Rd7 31. Ba8 g6 32. f4 Nb3 33. Kf2
Re7 34. Bd5 Nd4 35. Rd2 Nf5 36. Rd3 Kg7 37. Bb3 h5 1/2-1/2

[Event "Saint Louis Ultimate Blitz Challenge"]
[Site "Saint Louis"]
[Date "2016.04.29"]
[Round "15"]
[White "So, Wesley"]
[Black "Nakamura, Hikaru"]
[Result "0-1"]
[WhiteElo "2773"]
[BlackElo "2787"]
[Annotator "CB"]
[PlyCount "78"]
[EventDate "2016.04.28"]
[EventType "tourn (blitz)"]
[EventRounds "18"]
[EventCountry "USA"]
[EventCategory "22"]
[SourceTitle "CBM 172 Extra"]
[Source "ChessBase"]
[SourceDate "2016.06.21"]
[SourceVersion "1"]
[SourceVersionDate "2016.06.21"]
[SourceQuality "1"]

1. Nf3 d5 2. d4 Nf6 3. c4 e6 4. Nc3 Be7 5. Bf4 O-O 6. e3 Nbd7 7. c5 c6 8. h3 b6
9. b4 a5 10. a3 Ba6 11. Bxa6 Rxa6 12. O-O Qc8 13. Qc2 Qb7 14. Rab1 axb4 15.
axb4 Ra3 16. Rfc1 Rfa8 17. Ne1 b5 18. Qb2 Ne4 $1 {Ein exzellenter Zug
Nakamuras, der sofort e4 mit dem Springer besetzt, nachdem die weiße Dame das
Feld "freigegeben" hat.} 19. Nxe4 dxe4 20. Ra1 R3a4 21. Nc2 Nf6 22. Rxa4 Rxa4
23. Ra1 Qa6 24. Rxa4 Qxa4 {Der schwarze Vorteil ist nicht leicht zu verwerten.}
25. Kf1 {Das ist nicht der entscheidende Fehler, aber letztlich wird dieser
Zug zur Ursache für Sos Niederlage.} Nd5 26. Be5 $6 (26. Ke2 {war stärker.})
26... f6 27. Bg3 Nxb4 $1 {Das war nicht leicht zu sehen.} 28. Qxb4 (28. Nxb4 $4
Qd1#) 28... Qxc2 29. Ke1 Bd8 30. Qa3 Qa4 31. Qxa4 bxa4 32. Kd1 Ba5 33. f3 exf3
34. gxf3 Bb4 35. Kc2 Kf7 36. Kd3 e5 37. dxe5 Bxc5 38. e4 a3 39. exf6 {Diagramm
[#] Jetzt folgt ein netter Schlusszug!} Bd4 $3 {Nach 40.Kxd4 a2 kann Weiß
nicht verhindern, dass Schwarz sich eine neue Dame holt.} 0-1